Essential managers 14; Effective leadership
| Main Author: | |
|---|---|
| Format: | Book |
| Published: |
Dorking Kindersley ,
1999
|
| Subjects: |
MARC
| LEADER | 00000cam a2200000 7i4500 | ||
|---|---|---|---|
| 001 | 0000010060 | ||
| 005 | 20050506.0 | ||
| 020 | |a 0751329002 | ||
| 040 | |a INS | ||
| 090 | 0 | 0 | |a HM141 |b H45 1999 |
| 100 | 1 | |a Heller, Robert | |
| 245 | 1 | 0 | |a Essential managers 14; Effective leadership |c Robert Heller |
| 260 | |a Dorking Kindersley , |c 1999 | ||
| 300 | |a 72pp ; |c 177x124mm. | ||
| 650 | 0 | 0 | |a Leadership |
| 999 | |a 0000008432 |b BOOK |c Open Shelf |e Default branch | ||